Normal view
MARC view
Entry Personal Name
001 - CONTROL NUMBER
- control field: 48269
003 - CONTROL NUMBER IDENTIFIER
- control field: dpl
005 - DATE AND TIME OF LATEST TRANSACTION
- control field: 20120531171343.0
008 - FIXED-LENGTH DATA ELEMENTS
- fixed length control field: 120531|||a|||||| | ||| d
040 ## - CATALOGING SOURCE
- Original cataloging agency: dpl
- Transcribing agency: dpl
100 ## - HEADING--PERSONAL NAME
- Personal name: हादी रूसवा
670 ## - SOURCE DATA FOUND
- Source citation: Work cat.: (dpl): हादी रूसवा, लखनऊ की नगर-वधू /, 2012
670 ## - SOURCE DATA FOUND
- Source citation: Work cat.: (dpl): हादी रूसवा, लखनऊ की नगर-वधू /, 2012
